LEADER 01650nam 2200457 450 001 9910706170203321 005 20170825104306.0 035 $a(CKB)5470000002454723 035 $a(OCoLC)1001952436 035 $a(EXLCZ)995470000002454723 100 $a20170825d2017 ua 0 101 0 $aeng 135 $aurbn||||a|||| 181 $ctxt$2rdacontent 182 $cc$2rdamedia 183 $acr$2rdacarrier 200 14$aThe tragic case of Liu Xiaobo $ehearing before the Subcommittee on Africa, Global Health, Global Human Rights, and International Organizations of the Committee on Foreign Affairs, House of Representatives, One Hundred Fifteenth Congress, first session, July 14, 2017 210 1$aWashington :$cU.S. Government Publishing Office,$d2017. 215 $a1 online resource (iii, 55 pages) 300 $aPaper version available for sale by the Superintendent of Documents, U.S. Government Publishing Office. 300 $a"Serial No. 115-45." 517 $aTragic case of Liu Xiaobo 606 $aPolitical prisoners$zChina 606 $aDissenters$zChina 606 $aNobel Prize winners$zChina 606 $aPeace$xAwards 606 $aProtest movements$zChina 606 $aPolitical persecution$zChina 608 $aLegislative hearings.$2lcgft 615 0$aPolitical prisoners 615 0$aDissenters 615 0$aNobel Prize winners 615 0$aPeace$xAwards. 615 0$aProtest movements 615 0$aPolitical persecution 801 0$bGPO 801 1$bGPO 906 $aBOOK 912 $a9910706170203321 996 $aThe tragic case of Liu Xiaobo$93475347 997 $aUNINA